| Поле | Название | Значение |
| |
Тип записи |
a |
| |
Библиографический уровень |
m |
| 001 |
Контрольный номер |
98d846dd9a14425e90be81dcef854484 |
| 005 |
Дата корректировки |
20140606132942.5 |
| 010 |
Индекс ISBN |
__ |
| a |
ISBN |
978-5-903823-38-3 |
| 101 |
Язык документа |
0_ |
| a |
Язык текста |
rus |
| 102 |
Страна публикации |
__ |
| a |
Страна публикации |
RU |
| 200 |
Заглавие и сведения об ответственности |
1_ |
| a |
Заглавие |
Современные тенденции в развитии экономики, управления и образования |
| e |
Сведения, относящиеся к заглавию |
материалы междунар. науч.-практ. конф. 29 дек. 2011 г. В 2 ч. Ч. 2 |
| f |
Первые сведения об ответственности |
АНО ВПО ЦС РФ РУК, Калининград. фил., СПб. ун- т управления и экономики |
| g |
Последующие сведения об ответственности |
АНО ВПО ЦС РФ РУК, Калининград. фил., СПб. ун- т управления и экономики |
| 210 |
Выходные данные |
1_ |
| a |
Место издания |
Калининград |
| x |
|
Щецин |
| d |
Дата издания |
2011 |
| 215 |
Физическое описание |
__ |
| a |
Объем |
222, [2] с. |
| 607 |
Географические рубрики |
__ |
| a |
Географическое наименование |
филиал |
| b |
|
Калининград |
| 610 |
Ключевые слова |
0_ |
| a |
Ключевые слова |
материалы конференции |
| 610 |
Ключевые слова |
0_ |
| a |
Ключевые слова |
экономика |
| 610 |
Ключевые слова |
0_ |
| a |
Ключевые слова |
управление |
| 610 |
Ключевые слова |
0_ |
| a |
Ключевые слова |
образование |
| 686 |
Индексы других классификаций |
__ |
| a |
Классификационный индекс |
65.5 |
| 2 |
Код системы |
rubbk |
| 686 |
Индексы других классификаций |
__ |
| a |
Классификационный индекс |
74.58я431 |
| 2 |
Код системы |
rubbk |
| 711 |
Наименование организации. (Альтернативная ответственность) |
02 |
| a |
Организация/ юрисдикция |
АНО ВПО ЦС РФ РУК |
| 711 |
Наименование организации. (Альтернативная ответственность) |
02 |
| a |
Организация/ юрисдикция |
Калининград. фил. |
| 711 |
Наименование организации. (Альтернативная ответственность) |
02 |
| a |
Организация/ юрисдикция |
СПб. ун- т управления и экономики |
| 801 |
Источник записи |
_0 |
| a |
Страна |
RU |
| b |
Организация |
РУК |
| c |
Дата составления |
20120511 |
| g |
Правила каталогизации |
PSBO |
| 801 |
Источник записи |
_1 |
| a |
Страна |
RU |
| b |
Организация |
РУК |
| c |
Дата составления |
20120511 |
| g |
Правила каталогизации |
PSBO |
| 852 |
Данные о местонахождении |
__ |
| j |
Шифр хранения |
ББК 65.5 |
| i |
Авторский знак |
С 56 |
| 901 |
Тип документа |
__ |
| t |
Тип документа |
m |
| 938 |
Служебная информация |
__ |
| a |
Название организации |
Головной вуз |
| b |
Имя БД |
BOOK |
| c |
Название АИБС |
АИБС ИРБИС |